000
00428nam a2200169Ia 4500
008
090711s9999 xx 000 0 und d
082
_b
41476
100
_a
कीर गिरिजा
245
_a
Sााहुल
260
_c
1979
300
_a
108
600
_a
कीर गिरिजा
630
_a
Sााहुल
700
_a
कीर गिरिजा
730
_a
Sााहुल
942
_c
BOOK
999
_c
320787
_d
320787